000 00840nas a2200253Ia 4500
001 R055/A5007
003 IT-RoPAU
008 151124c99999999xx |||||||||||| ||und||
040 _aIT-RoPAU
040 _cIT-RoPAU
041 _aITALIANO
100 _aGariazzo Giuseppe
_gCodice Aut. SPICS: 23626
210 _aPANORAMICHE PANORAMIQUES
222 _aPanoramiche Panoramiques
245 _aPANORAMICHE, ANNO 02-N.01 (OTTOBRE 1991)
_bUna Lingua, Molte Realta'
250 _a1a ed.
260 _aVALLE D'AOSTA
_bREGIONE AUTONOMA
_c1991
501 _bPaulus - SPICS - Società San Paolo EM (non-commercial uses only)
_cCopyright2015
300 _a1 p. [34-34]
362 _aANNO 002, N.01 (OTTOBRE 1991)
500 _aCinema Latino Americano Visto al Festival di Pesaro.
650 _aCINEMA
_vPUBBLICAZIONE PERIODICA
942 _cCR
999 _c110805
_d110805